000 00461ntaaa2200181 4500
003 01
005 20251027202344.0
008 0714s1973 ag 01
040 _aAR-BaBN
_bspa
_cAR-BaBN
_eaacr
_dRIC
082 _a301.0000 D29
100 _aDavis, Kingsley
_922216
245 _aSociedad humana
250 _a1 ed.
260 _aBuenos Aires :
_bEditorial Universitario de Buenos Aires,
_c1965
300 _a2 tomos
650 _asociologĂ­a
_9341
942 _cBK
999 _c18426
_d18426